000 00788nam a2200241Ia 4500
001 8596
003 GE_BSU
008 181216s||||||||xx |||||||||||||| ||und||
040 _cGE_BSU
080 _a821.353.1-1
100 _aთევზაძე, ანდრო
245 _aგანახლდა გული
245 _bახალი ლექსები 1962–1970.
245 _cრედ.: ნუნუ ხომერიკი; მხატვ.: ოთარ ჯიშკარიანი.
260 _aთბილისი.
260 _bმერანი.
260 _c1971
300 _a154 გვ; 16 სმ.
300 _b1 ფ. პორტრ.
653 _aგანახლდა გული
653 _aლექსები.
942 _cBK
999 _c41912
_d41912